000 00294nam a2200121Ia 4500
008 240731s9999 xx 000 0 und d
022 _a1651-2308
245 0 _aStudia Neophilologica
260 _bRoutledge
856 _uhttps://www.tandfonline.com/loi/snec20
942 _2ddc
942 _cTFEJ
999 _c79574
_d79574
945 _a1
_bMadushi Gamage
_c1
_dMadushi Gamage